000 01000cam a2200253 4500
008 000000n1999 000 0 eng u
020 _a0717615634
035 _a(Sirsi) u109349
041 _aeng
050 _a690.22
110 _aGreat Britain
_bHealth and Safety Executive
245 _aHealth and safety in excavations: be safe and shore
260 _a[Sudbury]
_bHSE
_c1999
300 _a58p. : ill. ; 30cm.
350 _a£8.50
490 _aHSE Health and Safety Guidance
_v185
520 _aAim of booklet is to help all who are in any way involved in the construction process to identify main failings in excavation work which lead to physical injury, and financial loss, and to take the necessary measures at the planning stage, to avoid them
650 _aACCIDENT PREVENTION
650 _aEXCAVATION WORKS
650 _aBUILT ENVIRONMENT-BUILDING ELEMENTS-COMPLETE BUILDING ELEMENTS-FOUNDATIONS
650 _aTRENCHES
690 _aHEALTH AND SAFETY
_96244
942 _n0
999 _c100928
_d100928